000 00691nam a2200205Ii 4500
003 JO-AjNU
008 230605s9999||||xx |||||||||||||| ||und||
040 _aJO-AjNU
_bara
_erda
_cJO-AjNU
041 _aara
050 1 4 _aQA76.15.A7296 2000
100 3 _aالعقاد ، ياسر /م مشارك ايمن سيد المراشدة ,
_eauthor
_919842
245 0 0 _aدليل مصطلحات الحاسب
250 _aط1
264 3 1 _aسوريا:شعاع للنشر ، 2000
300 _a763ص
336 _atext
_btxt
_2rdacontent
337 _aunmediated
_bn
_2rdamedia
338 _avolume
_bnc
_2rdacarrier
650 4 _aحاسبات الكترونية -مصطلحات -معاجم
_919843
999 _aA6619
_c10187
_d10187